LEADER 00939nam0-2200325---450- 001 990009222030403321 005 20100915094827.0 010 $a88-420-8149-3 035 $a000922203 035 $aFED01000922203 035 $a(Aleph)000922203FED01 035 $a000922203 100 $a20100915d2006----km-y0itay50------ba 101 0 $aita 102 $aIT 105 $ay-------001yy 200 1 $aCampagne elettorali in rete$fSara Bentivegna 210 $aRoma ; Bari$cLaterza$d2006 215 $aXI, 147 p.$d21 cm 225 1 $aLibri del tempo Laterza$v401 610 0 $aCampagna elettorale$aImpiego [di] Siti web$aItalia$a2006 676 $a324.73$v21$zita 700 1$aBentivegna,$bSara$f<1959- >$0143414 801 0$aIT$bUNINA$gREICAT$2UNIMARC 901 $aBK 912 $a990009222030403321 952 $aCollez. 79 (401)$b44144$fFSPBC 959 $aFSPBC 996 $aCampagne elettorali in rete$9776569 997 $aUNINA LEADER 01029nam a2200265 i 4500 001 991003986109707536 008 081105s it 00 ita d 020 $a9788856800463 035 $ab13781224-39ule_inst 040 $aSet. Economia - SAGA$bita 082 04$a657.3 100 1 $aCorbella, Silvano$0358637 245 12$aL'attendibilitą del bilancio di esercizio :$bposizioni consolidate e nuove prospettive interpretative /$cSilvano Corbella 260 $aMilano :$bAngeli,$cc2008 300 $a297 p. ;$c23 cm 440 0$aEconomia. Ricerche 504 $aBibliografia: p. 287-297 650 04$aInformazione economico-finanziaria 650 04$aBilancio 907 $a.b13781224$b02-04-14$c05-11-08 912 $a991003986109707536 945 $aLE025 ECO 657.3 COR01.01$g1$i2025000220744$lle025$nProf. Nicola Di Cagno$o-$pE27.00$q-$rl$s- $t0$u9$v0$w9$x0$y.i14884781$z20-11-08 996 $aAttendibilitą del bilancio di esercizio$91224946 997 $aUNISALENTO 998 $ale025$b05-11-08$cm$da $e-$fita$git $h2$i0